Voices from S-21: terror and history in Pol Pot's secret prison
| Main Author: | |
|---|---|
| Format: | Print Book |
| Language: | English |
| Published: |
Berkeley, Cal. [u.a.]
University of California Press
1999
|
| In: | Year: 1999 |
| Online Access: |
Autorenbiografie (Publisher) Book review (H-Net) Verlagsangaben (Publisher) |
| Availability in Tübingen: | Present in Tübingen. UB: KB 19 A 8015 |
| Check availability: | HBZ Gateway |
| Subito Delivery Service: | Order now. |
| Keywords: |
MARC
| LEADER | 00000cam a2200000 c 4500 | ||
|---|---|---|---|
| 001 | 266336647 | ||
| 003 | DE-627 | ||
| 005 | 20251222211710.0 | ||
| 007 | tu | ||
| 008 | 990322s1999 xxu||||| 00| ||eng c | ||
| 010 | |a 99013924 | ||
| 020 | |a 0520222474 |9 0-520-22247-4 | ||
| 020 | |a 0520220056 |9 0-520-22005-6 | ||
| 035 | |a (DE-627)266336647 | ||
| 035 | |a (DE-576)078426596 | ||
| 035 | |a (DE-599)GBV266336647 | ||
| 035 | |a (OCoLC)246064130 | ||
| 035 | |a (OCoLC)40744387 | ||
| 035 | |a (DE-615)00597173 | ||
| 040 | |a DE-627 |b ger |c DE-627 |e rakwb | ||
| 041 | |a eng | ||
| 044 | |c XD-US |c XA-GB | ||
| 050 | 0 | |a HV8599.C16C48 1999 | |
| 050 | 0 | |a HV8599.C16 | |
| 082 | 0 | |a 303.609596 | |
| 082 | 0 | |a 303.6/09596 | |
| 084 | |a RI02.21 |2 fivr | ||
| 084 | |a SF06.02 |2 fivs | ||
| 084 | |a 1 |2 ssgn | ||
| 084 | |a 15.78 |2 bkl | ||
| 100 | 1 | |a Chandler, David P. |d 1933- |0 (DE-588)129550256 |0 (DE-627)472307525 |0 (DE-576)160553695 |4 aut | |
| 109 | |a Chandler, David P. 1933- |a Chandler, David Porter 1933- |a Porter Chandler, David 1933- |a Chandler, David 1933- |a Canḍlăr, Teviḍ 1933- |a Teviḍ Canḍlăr 1933- | ||
| 245 | 1 | 0 | |a Voices from S-21 |b terror and history in Pol Pot's secret prison |c David Chandler |
| 264 | 1 | |a Berkeley, Cal. [u.a.] |b University of California Press |c 1999 | |
| 300 | |a XIII, 238 S |b Ill., graph. Darst | ||
| 336 | |a Text |b txt |2 rdacontent | ||
| 337 | |a ohne Hilfsmittel zu benutzen |b n |2 rdamedia | ||
| 338 | |a Band |b nc |2 rdacarrier | ||
| 490 | 0 | |a A Philip E. Lilienthal book | |
| 500 | |a Literaturverz. S. 207 - 232 | ||
| 583 | 1 | |a Archivierung prüfen |c 20200919 |f DE-640 |z 3 |2 pdager | |
| 583 | 1 | |a Archivierung prüfen |c 20240324 |f DE-4165 |z 1 |2 pdager | |
| 650 | 0 | |a Torture |x Cambodia | |
| 650 | 0 | |a Political prisoners |x Cambodia | |
| 650 | 0 | |a Political persecution |x Cambodia | |
| 650 | 0 | |a Genocide |x Cambodia | |
| 650 | 0 | |a Torture |z Cambodia | |
| 650 | 0 | |a Political prisoners |z Cambodia | |
| 650 | 0 | |a Political persecution |z Cambodia | |
| 650 | 0 | |a Genocide |z Cambodia | |
| 650 | 0 | 7 | |0 (DE-588)4276272-8 |0 (DE-627)104423420 |0 (DE-576)210723971 |a Menschenrechtsverletzung |2 gnd |
| 650 | 0 | 7 | |0 (DE-588)4059534-1 |0 (DE-627)106143212 |0 (DE-576)209131136 |a Terrorismus |2 gnd |
| 650 | 0 | 7 | |0 (DE-588)4071628-4 |0 (DE-627)106097237 |0 (DE-576)209184523 |a Gefängnis |2 gnd |
| 650 | 0 | 7 | |0 (DE-588)4017801-8 |0 (DE-627)106328697 |0 (DE-576)208921141 |a Folter |2 gnd |
| 650 | 0 | 7 | |0 (DE-588)4040235-6 |0 (DE-627)106224611 |0 (DE-576)209038853 |a Mord |2 gnd |
| 650 | 0 | 7 | |0 (DE-588)4178894-1 |0 (DE-627)105337935 |0 (DE-576)209987561 |a Säuberung |2 gnd |
| 650 | 0 | 7 | |0 (DE-588)4002859-8 |0 (DE-627)104444142 |0 (DE-576)208849017 |a Archiv |2 gnd |
| 650 | 0 | 7 | |0 (DE-588)4063317-2 |0 (DE-627)106128507 |0 (DE-576)209148136 |a Verwaltung |2 gnd |
| 650 | 0 | 7 | |0 (DE-588)4001307-8 |0 (DE-627)106397591 |0 (DE-576)20884225X |a Alltag |2 gnd |
| 650 | 0 | 7 | |0 (DE-588)4027503-6 |0 (DE-627)104767812 |0 (DE-576)208971211 |a Interview |2 gnd |
| 650 | 0 | 7 | |0 (DE-588)4022782-0 |0 (DE-627)10446710X |0 (DE-576)208945814 |a Gefangener |2 gnd |
| 651 | 0 | |a Cambodia |x Politics and government |x 1975-1979 | |
| 651 | 0 | |a Cambodia |x Politics and government |y 1975-1979 | |
| 651 | 7 | |0 (DE-588)4029400-6 |0 (DE-627)104585064 |0 (DE-576)20898237X |a Kambodscha |2 gnd | |
| 689 | 0 | 0 | |d g |0 (DE-588)4029400-6 |0 (DE-627)104585064 |0 (DE-576)20898237X |a Kambodscha |2 gnd |
| 689 | 0 | 1 | |d b |0 (DE-588)4178517-4 |0 (DE-627)10534091X |0 (DE-576)209984961 |a Rote Khmer |2 gnd |
| 689 | 0 | 2 | |d s |0 (DE-588)4076230-0 |0 (DE-627)104540710 |0 (DE-576)209201258 |a Politischer Gefangener |2 gnd |
| 689 | 0 | |5 (DE-627) | |
| 689 | 1 | 0 | |d g |0 (DE-588)4029400-6 |0 (DE-627)104585064 |0 (DE-576)20898237X |a Kambodscha |2 gnd |
| 689 | 1 | 1 | |d b |0 (DE-588)4178517-4 |0 (DE-627)10534091X |0 (DE-576)209984961 |a Rote Khmer |2 gnd |
| 689 | 1 | 2 | |d s |0 (DE-588)4076230-0 |0 (DE-627)104540710 |0 (DE-576)209201258 |a Politischer Gefangener |2 gnd |
| 689 | 1 | |5 (DE-627) | |
| 856 | 4 | 2 | |u http://www.loc.gov/catdir/bios/ucal052/99013924.html |v 2017-08-23 |x Verlag |3 Autorenbiografie |7 1 |
| 856 | 4 | 2 | |u http://www.loc.gov/catdir/description/ucal042/99013924.html |v 2017-08-23 |x Verlag |3 Verlagsangaben |7 1 |
| 856 | 4 | 2 | |u http://www.h-net.org/review/hrev-a0f0p0-aa |v 2017-08-23 |x Verlag |y Book review (H-Net) |7 1 |
| 889 | |w (DE-627)371819210 | ||
| 935 | |i mdedup | ||
| 935 | |i Blocktest | ||
| 936 | b | k | |a 15.78 |j Südostasien |x Geschichte |0 (DE-627)181570505 |
| 936 | f | i | |0 (DE-627)175613412X |a RI02.21 |b Kambodscha |k Asien (ohne westliches Asien) |k Südostasien |k Kambodscha |2 fivr |
| 936 | f | i | |0 (DE-627)1756135835 |a SF06.02 |b Terrorismus |k Staat |k Innere Sicherheit/Innerstaatlicher Konflikt |k Terrorismus |2 fivs |
| 938 | 1 | 0 | |0 (DE-627)1756138400 |0 (DE-615)6603721 |a Kambodscha |2 fivt |
| 938 | 1 | 0 | |a Krieg zwischen Vietnam und Kambodscha (1977-1991) |2 fivt |
| 938 | 1 | 0 | |0 (DE-627)1756198020 |0 (DE-615)6601261 |a Menschenrechtsverletzung |2 fivt |
| 938 | 1 | 0 | |a Khmer Rouge (Cambodge) |2 fivt |
| 938 | 1 | 0 | |0 (DE-627)1756191182 |0 (DE-615)6608518 |a Terrorismus |2 fivt |
| 938 | 1 | 0 | |0 (DE-627)1756213917 |0 (DE-615)6610002 |a Gefängnis |2 fivt |
| 938 | 1 | 0 | |0 (DE-627)175617654X |0 (DE-615)6608937 |a Folter |2 fivt |
| 938 | 1 | 0 | |0 (DE-627)1756192898 |0 (DE-615)6609189 |a Mord |2 fivt |
| 938 | 1 | 0 | |0 (DE-627)1756236704 |0 (DE-615)6604341 |a Säuberungen |2 fivt |
| 938 | 1 | 0 | |0 (DE-627)1756238707 |0 (DE-615)6606471 |a Verwaltung |2 fivt |
| 938 | 1 | 0 | |0 (DE-627)1756191379 |0 (DE-615)6608211 |a Alltag |2 fivt |
| 938 | 1 | 0 | |0 (DE-627)1756174679 |0 (DE-615)6608280 |a Interview |2 fivt |
| 938 | 1 | 0 | |0 (DE-627)1756159491 |0 (DE-615)6602310 |a Gefangene |2 fivt |
| 938 | 1 | 1 | |0 (DE-627)1756183260 |0 (DE-615)6605019 |a Vergleich |2 fiva |
| 938 | 1 | 1 | |0 (DE-627)175614074X |0 (DE-615)6604435 |a Schauprozess |2 fiva |
| 938 | 1 | 1 | |0 (DE-627)175615998X |0 (DE-615)6602411 |a Sowjetunion |2 fiva |
| 938 | 1 | 1 | |0 (DE-627)1756218676 |0 (DE-615)6600178 |a Argentinien |2 fiva |
| 938 | 1 | 1 | |0 (DE-627)104682590 |0 (DE-588)4073091-8 |a Judenvernichtung |2 gnd |2 fiva |
| 951 | |a BO | ||
| ELC | |b 1 | ||
| LOK | |0 000 xxxxxcx a22 zn 4500 | ||
| LOK | |0 001 3102323243 | ||
| LOK | |0 003 DE-627 | ||
| LOK | |0 004 266336647 | ||
| LOK | |0 005 20020416000000 | ||
| LOK | |0 008 000313||||||||||||||||ger||||||| | ||
| LOK | |0 040 |a DE-21 |c DE-627 |d DE-21 | ||
| LOK | |0 852 |a DE-21 | ||
| LOK | |0 852 1 |c KB 19 A 8015 |9 00 | ||
| LOK | |0 935 |a krim | ||
| LOK | |0 936ln |a k10.4.1 | ||
| LOK | |0 939 |a 13-03-00 |b l01 | ||
| ORI | |a SA-MARC-krimdoka001.raw | ||
| SIG | |a UB: KB 19 A 8015 | ||
| TIM | |a 100019540101_100020261231 |b 1954 - 2026 | ||
